[Event "Sofia Accedia op"]
[Site "Sofia"]
[Date "2023.03.25"]
[Round "4"]
[White "Raev, Rostislav"]
[Black "Dimitrov, Alexander"]
[Result "0-1"]
[WhiteElo "2132"]
[BlackElo "2023"]
[PlyCount "116"]
[EventDate "2023.03.25"]
[EventType "swiss"]
[EventRounds "9"]
[EventCountry "BUL"]
[SourceTitle "CBM 213 Extra"]
[Source "ChessBase"]
[SourceDate "2023.05.31"]
[SourceVersion "1"]
[SourceVersionDate "2023.05.31"]
[SourceQuality "1"]

1. d4 Nf6 2. Nf3 g6 3. b3 Bg7 4. Bb2 d5 5. e3 Bf5 6. Be2 0-0 7. 0-0 Ne4 8. c4 c6 9. Nbd2 Qa5 10. Nxe4 Bxe4 11. Nd2 Bf5 12. Bf3 Nd7 13. e4 dxe4 14. Nxe4 e5 15. Nd6 exd4 16. Bxd4 Ne5 17. Be2 Qd8 18. Nxf5 gxf5 19. Bc5 Re8 20. Qc2 Qf6 21. Rad1 b6 22. Ba3 Rad8 23. Rxd8 Rxd8 24. Rd1 c5 25. Bc1 Rxd1+ 26. Qxd1 Nc6 27. Bd3 Nd4 28. Bf4 h6 29. h3 Qe6 30. Kh2 Be5 31. Qd2 Qd6 32. Bxe5 Qxe5+ 33. f4 Qe6 34. Qf2 Kg7 35. a3 Qd6 36. Qg3+ Qg6 37. Qe3 Nxb3 38. Qe5+ Qf6 39. Bxf5 Qxe5 40. fxe5 Nd4 41. Be4 Kf8 42. g4 Ke7 43. Kg3 Ke6 44. Bd5+ Kxe5 45. Bxf7 Ne2+ 46. Kf3 Nf4 47. h4 Nd3 48. Bd5 b5 49. Ke3 bxc4 50. Bxc4 Nf4 51. Ba6 Ng2+ 52. Kf3 Nxh4+ 53. Kg3 Ng6 54. Bc4 Kd4 55. Bf7 Ne5 56. Be6 c4 57. Kh4 c3 58. Bf5 Nd3 0-1

[Event "Sofia Accedia op"]
[Site "Sofia"]
[Date "2023.03.25"]
[Round "8"]
[White "Raev, Rostislav"]
[Black "Ninchev, Daniel"]
[Result "1-0"]
[WhiteElo "2132"]
[BlackElo "1913"]
[PlyCount "117"]
[EventDate "2023.03.25"]
[EventType "swiss"]
[EventRounds "9"]
[EventCountry "BUL"]
[SourceTitle "CBM 213 Extra"]
[Source "ChessBase"]
[SourceDate "2023.05.31"]
[SourceVersion "1"]
[SourceVersionDate "2023.05.31"]
[SourceQuality "1"]

1. d4 f5 2. Bg5 g6 3. Nc3 d5 4. Qd2 h6 5. Bf4 Bg7 6. Qd3 Nf6 7. Qg3 Kf7 8. Bxc7 Nh5 9. Bxd8 Nxg3 10. hxg3 Rxd8 11. Nf3 Nc6 12. e3 h5 13. 0-0-0 a6 14. a3 b5 15. Ne2 b4 16. axb4 Nxb4 17. Nf4 Bf6 18. c3 Nc6 19. Bd3 a5 20. Bc2 Ba6 21. Bb3 e6 22. Ba4 Na7 23. Kd2 Rab8 24. Rb1 Nb5 25. Bxb5 Bxb5 26. Ra1 a4 27. Rhb1 Be8 28. Nd3 Rd6 29. Nc5 Rdb6 30. Kc2 Ra8 31. Kd2 g5 32. b3 Rab8 33. b4 Ra8 34. Ra3 Be7 35. Ne5+ Kg7 36. Ned3 Ra7 37. Rba1 Rb8 38. Nxe6+ Kf6 39. Nec5 Rba8 40. Ne5 Bb5 41. Rh1 Rh8 42. f4 g4 43. e4 dxe4 44. c4 Be8 45. Nc6 Bxc6 46. d5 Ba8 47. Kc3 Rc8 48. Kd4 Rac7 49. Rxa4 Bxc5+ 50. bxc5 Rxc5 51. Rxh5 Kg6 52. Rg5+ Kf6 53. Ra6+ Kf7 54. Rxf5+ Ke7 55. Ke5 Rxc4 56. Re6+ Kd7 57. Rf7+ Kd8 58. Rh6 Bxd5 59. Rh8# 1-0

[Event "Primorsko op"]
[Site "Primorsko"]
[Date "2021.09.20"]
[Round "8"]
[White "Raev, Rostislav"]
[Black "Makaraci, Tunahan"]
[Result "1/2-1/2"]
[WhiteElo "2198"]
[BlackElo "2079"]
[PlyCount "112"]
[EventDate "2021.09.13"]
[EventType "swiss"]
[EventRounds "9"]
[EventCountry "BUL"]
[SourceTitle "CBM 204 Extra"]
[Source "ChessBase"]
[SourceDate "2021.11.30"]
[SourceVersion "1"]
[SourceVersionDate "2021.11.30"]
[SourceQuality "1"]

1. d4 d5 2. c4 e6 3. Nc3 c5 4. cxd5 exd5 5. Nf3 Nc6 6. Bg5 Be7 7. Bxe7 Ngxe7 8. e3 Qb6 9. Qb3 Qxb3 10. axb3 cxd4 11. Nb5 0-0 12. Nbxd4 Be6 13. Kd2 a6 14. Be2 h6 15. Rhc1 Rfc8 16. Rc3 Kf8 17. Rac1 Ke8 18. g3 Kd7 19. Bf1 Kd6 20. Bg2 Rc7 21. b4 Rac8 22. b5 Nxd4 23. Nxd4 Rxc3 24. Rxc3 Rxc3 25. Kxc3 a5 26. b4 axb4+ 27. Kxb4 b6 28. Bf1 Ng8 29. Kc3 Nf6 30. f3 Ne8 31. Nc6 Bd7 32. Nb8 Nc7 33. Kb4 Be8 34. Na6 Ne6 35. Kc3 f6 36. Be2 g5 37. Bf1 Bh5 38. Bg2 Bg6 39. Bh3 f5 40. f4 h5 41. Bf1 h4 42. Nb4 gxf4 43. exf4 hxg3 44. hxg3 Nc7 45. Nc2 Ne6 46. Bg2 Kc5 47. Kd3 Be8 48. Ne3 Bxb5+ 49. Kd2 Ng7 50. Bxd5 Nh5 51. Be6 Nxg3 52. Nxf5 Nxf5 53. Bxf5 Kd4 54. Bb1 Bd7 55. Bd3 b5 56. Bxb5 Bxb5 1/2-1/2

[Event "Primorsko op"]
[Site "Primorsko"]
[Date "2021.09.18"]
[Round "6"]
[White "Raev, Rostislav"]
[Black "Yordanov, Lachezar"]
[Result "0-1"]
[WhiteElo "2198"]
[BlackElo "2296"]
[PlyCount "98"]
[EventDate "2021.09.13"]
[EventType "swiss"]
[EventRounds "9"]
[EventCountry "BUL"]
[SourceTitle "CBM 204 Extra"]
[Source "ChessBase"]
[SourceDate "2021.11.30"]
[SourceVersion "1"]
[SourceVersionDate "2021.11.30"]
[SourceQuality "1"]

1. c4 e5 2. Nc3 Nf6 3. g3 d5 4. cxd5 Nxd5 5. Bg2 Nb6 6. Nf3 Nc6 7. 0-0 Be7 8. d3 0-0 9. Be3 Re8 10. Rc1 Bf8 11. Ne4 Nd4 12. Bxd4 exd4 13. Nc5 g6 14. Re1 c6 15. Qd2 Bg7 16. b4 Nd5 17. Nb3 Ne7 18. a4 Nf5 19. Qb2 Qb6 20. Nc5 a5 21. Rb1 axb4 22. Qxb4 Qxb4 23. Rxb4 Bf8 24. Rc4 Bxc5 25. Rxc5 Rxa4 26. Rc2 Nd6 27. Nd2 Bf5 28. Kf1 h5 29. Rb2 Rea8 30. Bf3 Ra2 31. Rxa2 Rxa2 32. Nb3 Ra4 33. Rc1 Kf8 34. Kg2 Ke7 35. h3 Kd8 36. g4 hxg4 37. hxg4 Bd7 38. Nc5 Rb4 39. Kg3 Bc8 40. Kf4 Ke7 41. Rh1 g5+ 42. Kg3 Rb5 43. Ne4 Nxe4+ 44. Bxe4 Be6 45. Rh5 Rc5 46. Rh1 Kd6 47. f4 gxf4+ 48. Kxf4 b5 49. Rb1 Rc2 0-1

[Event "Primorsko op"]
[Site "Primorsko"]
[Date "2021.09.14"]
[Round "2"]
[White "Tilicheev, Viacheslav"]
[Black "Raev, Rostislav"]
[Result "1/2-1/2"]
[WhiteElo "2509"]
[BlackElo "2198"]
[PlyCount "74"]
[EventDate "2021.09.13"]
[EventType "swiss"]
[EventRounds "9"]
[EventCountry "BUL"]
[SourceTitle "CBM 204 Extra"]
[Source "ChessBase"]
[SourceDate "2021.11.30"]
[SourceVersion "1"]
[SourceVersionDate "2021.11.30"]
[SourceQuality "1"]

1. d4 Nf6 2. Nf3 c5 3. g3 b6 4. d5 Bb7 5. c4 b5 6. Bg2 d6 7. 0-0 Nbd7 8. Qc2 bxc4 9. e4 g6 10. Na3 Bg7 11. Nxc4 0-0 12. Bd2 Ba6 13. b3 Nb6 14. Rfe1 Qd7 15. Rab1 e6 16. dxe6 fxe6 17. e5 Nxc4 18. bxc4 Ng4 19. exd6 Qxd6 20. Bf4 e5 21. Rbd1 Qc7 22. Nxe5 Bxe5 23. Bxa8 Rxa8 24. Qe2 Bxf4 25. Qe6+ Qf7 26. Qxg4 Bh6 27. Rd7 Qxc4 28. Qd1 Rf8 29. Ree7 Bc8 30. Rxa7 Bg4 31. Qa1 Qd4 32. Qxd4 cxd4 33. Rxh7 d3 34. Rxh6 Rf6 35. Rhh7 d2 36. Rhd7 d1Q+ 37. Rxd1 Bxd1 1/2-1/2

[Event "Teteven op 31st"]
[Site "Teteven"]
[Date "2016.08.19"]
[Round "7"]
[White "Raev, Rostislav"]
[Black "Nikolov, Sasho"]
[Result "1-0"]
[WhiteElo "2257"]
[BlackElo "2359"]
[PlyCount "103"]
[EventDate "2016.08.13"]
[EventType "swiss"]
[EventRounds "9"]
[EventCountry "BUL"]
[SourceTitle "CBM 173 Extra"]
[Source "ChessBase"]
[SourceDate "2016.08.29"]
[SourceVersion "1"]
[SourceVersionDate "2016.08.29"]
[SourceQuality "1"]

1. d4 g6 2. Nf3 Bg7 3. g3 Nf6 4. Bg2 0-0 5. 0-0 d6 6. b3 e5 7. Bb2 e4 8. Ne1 Re8 9. c4 h5 10. Nc2 h4 11. h3 e3 12. gxh4 exf2+ 13. Rxf2 Nh5 14. e4 Qxh4 15. Qf3 f5 16. Nd2 Nc6 17. Re1 a5 18. e5 dxe5 19. dxe5 Be6 20. Qe3 f4 21. Qc3 Rad8 22. Nf3 Qg3 23. Ncd4 Bxh3 24. Ne2 Bxe5 25. Nxg3 Bxc3 26. Rxe8+ Rxe8 27. Nxh5 Bxb2 28. Rxb2 gxh5 29. Bxh3 Re3 30. Bg2 Nb4 31. Rd2 c6 32. Nd4 Nd3 33. Nf5 Re1+ 34. Bf1 Ne5 35. Re2 Rxe2 36. Bxe2 f3 37. Bf1 Ng4 38. Nh4 f2+ 39. Kg2 Ne3+ 40. Kxf2 Nxf1 41. Kxf1 Kf7 42. Kf2 Kf6 43. Kf3 Ke5 44. Ke3 Kf6 45. Kf4 Ke6 46. Nf5 b6 47. Ke4 b5 48. cxb5 cxb5 49. Nd4+ Kd6 50. Nxb5+ Kc5 51. Nc3 Kb4 52. Nb1 1-0

[Event "Pleven op 2nd"]
[Site "Pleven"]
[Date "2015.10.17"]
[Round "4"]
[White "Stefanov, Emil"]
[Black "Raev, Rostislav"]
[Result "1/2-1/2"]
[WhiteElo "2228"]
[BlackElo "2238"]
[PlyCount "56"]
[EventDate "2015.10.17"]
[EventType "swiss"]
[EventRounds "7"]
[EventCountry "BUL"]
[SourceTitle "CBM 168 Extra"]
[Source "ChessBase"]
[SourceDate "2015.10.29"]
[SourceVersion "1"]
[SourceVersionDate "2015.10.29"]
[SourceQuality "1"]

1. d4 Nf6 2. c4 g6 3. Nc3 Bg7 4. e4 d6 5. Nf3 0-0 6. Be2 c5 7. d5 Na6 8. 0-0 Nc7 9. Nd2 e5 10. Nb3 Rb8 11. Bg5 h6 12. Be3 Re8 13. Qd2 Kh7 14. a4 Na6 15. Nc1 Nb4 16. Nd3 b6 17. Kh1 a6 18. f4 exf4 19. Rxf4 Rb7 20. Raf1 g5 21. R4f2 Qe7 22. e5 dxe5 23. d6 Qd8 24. Nxb4 cxb4 25. Nd5 Re6 26. Bxg5 Ne4 27. Bd3 hxg5 28. Bxe4+ Kh8 1/2-1/2

[Event "Sunny Beach op-B 13th"]
[Site "Sunny Beach"]
[Date "2014.09.08"]
[Round "3"]
[White "Raev, Rostislav"]
[Black "Ivanov, Bogidar"]
[Result "1-0"]
[WhiteElo "2259"]
[BlackElo "2183"]
[PlyCount "83"]
[EventDate "2014.09.06"]
[EventType "swiss"]
[EventRounds "9"]
[EventCountry "BUL"]
[SourceTitle "CBM 162 Extra"]
[Source "ChessBase"]
[SourceDate "2014.10.17"]
[SourceVersion "1"]
[SourceVersionDate "2014.10.17"]
[SourceQuality "1"]

1. Nf3 Nf6 2. g3 e6 3. Bg2 c5 4. 0-0 Be7 5. d3 d5 6. Nbd2 0-0 7. e4 Nc6 8. Re1 Re8 9. e5 Nd7 10. Nf1 f6 11. exf6 Bxf6 12. c3 Nf8 13. d4 cxd4 14. cxd4 Qb6 15. Ne3 Bd7 16. Nc2 a5 17. Rb1 Nb4 18. Nxb4 axb4 19. Ra1 Ra7 20. Ne5 Rea8 21. a3 Be8 22. Qb3 Qb5 23. Rb1 Bxe5 24. Rxe5 Bg6 25. Ra1 Bd3 26. Re3 Bf5 27. Bd2 Qb6 28. Bxb4 Qxd4 29. Rc1 b6 30. Rd1 Qf6 31. Bc3 Qd8 32. Bxd5 exd5 33. Rxd5 Bc2 34. Qc4 b5 35. Rxb5+ Rf7 36. Rb7 Bg6 37. Ree7 Qd1+ 38. Be1 Qf3 39. Qc3 Qf5 40. Rxf7 Bxf7 41. Qd4 Ne6 42. Qd6 1-0

[Event "Sofia-ch U26"]
[Site "Sofia"]
[Date "2013.11.09"]
[Round "4"]
[White "Ivanov, Stojan Lubomirov"]
[Black "Raev, Rostislav"]
[Result "1/2-1/2"]
[WhiteElo "2286"]
[BlackElo "2253"]
[PlyCount "110"]
[EventDate "2013.11.06"]
[EventType "swiss"]
[EventRounds "7"]
[EventCountry "BUL"]
[SourceTitle "EXT 2015"]
[Source "ChessBase"]
[SourceDate "2014.11.20"]
[SourceVersion "1"]
[SourceVersionDate "2014.11.20"]
[SourceQuality "1"]

1. e4 e5 2. Nf3 Nc6 3. Nc3 Nf6 4. d4 exd4 5. Nxd4 Bb4 6. Nxc6 dxc6 7. Qxd8+ Kxd8 8. Bg5 h6 9. Bxf6+ gxf6 10. 0-0-0+ Ke7 11. Ne2 f5 12. exf5 Bxf5 13. Nd4 Bd7 14. Bd3 Kf6 15. c3 Bd6 16. Rhe1 Rae8 17. g3 a6 18. Kd2 c5 19. Rxe8 Rxe8 20. Nc2 Be6 21. b3 a5 22. Ne3 c6 23. Kc2 Bc7 24. Bc4 Bc8 25. Be2 Kg6 26. Bd3+ Kg5 27. Re1 Be6 28. Kd2 Rd8 29. Kc2 f5 30. f4+ Kf6 31. Nc4 h5 32. Ne5 h4 33. Nf3 hxg3 34. hxg3 Rh8 35. Ng5 Bd7 36. Rd1 Bc8 37. a4 Rh2+ 38. Rd2 Rxd2+ 39. Kxd2 Be6 40. Nxe6 Kxe6 41. Bc4+ Kf6 42. Ke3 Bd6 43. Kf3 Bc7 44. Bf1 Bd6 45. c4 Bf8 46. Bh3 Bg7 47. g4 fxg4+ 48. Bxg4 Ke7 49. Bc8 b6 50. Ke4 Kd6 51. Bh3 Ba1 52. Kf5 Bb2 53. Bg2 Bc3 54. Kg6 Ke7 55. Bxc6 Bb2 1/2-1/2

[Event "Sofia-ch U26"]
[Site "Sofia"]
[Date "2013.11.06"]
[Round "1"]
[White "Raev, Rostislav"]
[Black "Filipov, Daniel"]
[Result "1-0"]
[WhiteElo "2253"]
[BlackElo "1879"]
[PlyCount "67"]
[EventDate "2013.11.06"]
[EventType "swiss"]
[EventRounds "7"]
[EventCountry "BUL"]
[SourceTitle "EXT 2015"]
[Source "ChessBase"]
[SourceDate "2014.11.20"]
[SourceVersion "1"]
[SourceVersionDate "2014.11.20"]
[SourceQuality "1"]

1. d4 Nf6 2. c4 e6 3. Nc3 c5 4. d5 d6 5. e4 Be7 6. Be2 exd5 7. cxd5 a6 8. a4 0-0 9. Nf3 Nbd7 10. 0-0 Ne5 11. Nxe5 dxe5 12. f4 Bd6 13. f5 Qb6 14. a5 Qd8 15. Be3 b5 16. axb6 Qxb6 17. Qc2 Bd7 18. Ra2 Rfb8 19. Rfa1 a5 20. b4 a4 21. b5 Ra5 22. Rxa4 Rba8 23. Qb3 g6 24. fxg6 fxg6 25. Qc4 Kg7 26. h3 Rxa4 27. Rxa4 Ra5 28. Rxa5 Qxa5 29. Bxc5 Qa1+ 30. Kh2 Bxc5 31. Qxc5 Kf7 32. b6 Qc1 33. b7 Qf4+ 34. Kg1 1-0

[Event "BUL-ch Students"]
[Site "Sofia"]
[Date "2009.11.07"]
[Round "5"]
[White "Naidenova, Jordanka"]
[Black "Raev, Rostislav"]
[Result "0-1"]
[WhiteElo "1928"]
[BlackElo "2277"]
[PlyCount "64"]
[EventDate "2009.11.04"]
[EventType "swiss"]
[EventRounds "7"]
[EventCountry "BUL"]
[SourceTitle "EXT 2010"]
[Source "ChessBase"]
[SourceDate "2010.11.25"]
[SourceVersion "1"]
[SourceVersionDate "2010.11.25"]
[SourceQuality "1"]

1. e4 c5 2. Nc3 Nc6 3. g3 g6 4. Bg2 Bg7 5. Nge2 e6 6. d3 Nge7 7. Be3 Nd4 8. 0-0 0-0 9. Qd2 d6 10. Nd1 Nxe2+ 11. Qxe2 h6 12. Qd2 Kh7 13. d4 Qc7 14. c3 Rd8 15. Qe2 Bd7 16. f4 Rac8 17. e5 cxd4 18. Bxd4 Nf5 19. exd6 Bxd4+ 20. cxd4 Qxd6 21. Bxb7 Rb8 22. Be4 Bb5 23. Qg2 Bxf1 24. Kxf1 Nxd4 25. Ne3 Qa6+ 26. Kg1 Ne2+ 27. Kh1 Rxb2 28. Qh3 Qa4 29. Bf3 Qd4 30. Ng4 Qd1+ 31. Rxd1 Rxd1+ 32. Kg2 Nxf4# 0-1

[Event "BUL-ch U26"]
[Site "Sofia"]
[Date "2008.11.06"]
[Round "5"]
[White "Ochkov, Radoslav"]
[Black "Raev, Rostislav"]
[Result "0-1"]
[WhiteElo "1865"]
[BlackElo "2292"]
[PlyCount "72"]
[EventDate "2008.11.03"]
[EventType "swiss"]
[EventRounds "7"]
[EventCountry "BUL"]
[SourceTitle "EXT 2009"]
[Source "ChessBase"]
[SourceDate "2008.11.26"]
[SourceVersion "1"]
[SourceVersionDate "2008.11.26"]
[SourceQuality "1"]

1. d4 Nf6 2. Bg5 d5 3. Bxf6 exf6 4. e3 c6 5. Bd3 Bd6 6. c4 dxc4 7. Bxc4 0-0 8. Nf3 Qa5+ 9. Nc3 Nd7 10. 0-0 f5 11. Bd3 Nf6 12. Qc2 Re8 13. a3 g6 14. b4 Qd8 15. Na4 Ne4 16. Nc5 Qe7 17. Nd2 Nxd2 18. Qxd2 Qg5 19. g3 b6 20. Na4 Bb7 21. Rfc1 Rad8 22. Bf1 f4 23. exf4 Qf6 24. Bg2 Bf8 25. d5 cxd5 26. Rab1 Ba6 27. Nc3 Bc4 28. Nxd5 Bxd5 29. Bxd5 Qf5 30. Rd1 Rxd5 31. Qxd5 Re1+ 32. Rxe1 Qxd5 33. Re8 Qa2 34. Rd1 Qxa3 35. b5 Kg7 36. Rdd8 Bc5 0-1

[Event "BUL-ch U26"]
[Site "Sofia"]
[Date "2008.11.04"]
[Round "2"]
[White "Raev, Rostislav"]
[Black "Andreev, Stanislav"]
[Result "0-1"]
[WhiteElo "2292"]
[BlackElo "2097"]
[PlyCount "58"]
[EventDate "2008.11.03"]
[EventType "swiss"]
[EventRounds "7"]
[EventCountry "BUL"]
[SourceTitle "EXT 2009"]
[Source "ChessBase"]
[SourceDate "2008.11.26"]
[SourceVersion "1"]
[SourceVersionDate "2008.11.26"]
[SourceQuality "1"]

1. c4 Nf6 2. Nc3 e6 3. d4 d5 4. Nf3 Be7 5. g3 0-0 6. Bg2 dxc4 7. 0-0 Nc6 8. e3 Rb8 9. Nd2 Na5 10. Qa4 c5 11. Nxc4 Nxc4 12. Qxc4 cxd4 13. Rd1 Qa5 14. Rxd4 b5 15. Qe2 b4 16. Ne4 Ba6 17. Qe1 Nxe4 18. Bxe4 Bf6 19. Rd1 Rfd8 20. Rxd8+ Rxd8 21. a3 Qa4 22. Bf3 Bc4 23. Kg2 a5 24. e4 Qb5 25. axb4 axb4 26. Qe3 h6 27. Qf4 Bf1+ 28. Kg1 Bh3 29. Be3 e5 0-1

[Event "BUL-ch U26"]
[Site "Sofia"]
[Date "2008.11.03"]
[Round "1"]
[White "Harizanova, Marina"]
[Black "Raev, Rostislav"]
[Result "0-1"]
[WhiteElo "1676"]
[BlackElo "2292"]
[PlyCount "70"]
[EventDate "2008.11.03"]
[EventType "swiss"]
[EventRounds "7"]
[EventCountry "BUL"]
[SourceTitle "EXT 2009"]
[Source "ChessBase"]
[SourceDate "2008.11.26"]
[SourceVersion "1"]
[SourceVersionDate "2008.11.26"]
[SourceQuality "1"]

1. d4 d5 2. Nf3 Nf6 3. Bf4 e6 4. e3 Be7 5. Be2 0-0 6. 0-0 b6 7. Nbd2 Bb7 8. c4 c5 9. Rc1 Nbd7 10. dxc5 Nxc5 11. b4 Nce4 12. Qb3 a5 13. a3 axb4 14. axb4 Qd7 15. Ra1 Nxd2 16. Nxd2 dxc4 17. Nxc4 Bd5 18. Qb2 Qb7 19. f3 b5 20. Nd6 Qb6 21. Nxb5 Nh5 22. Qd4 Qxd4 23. Nxd4 Nxf4 24. exf4 Bxb4 25. Rad1 Bc5 26. Kh1 Ra2 27. Bb5 Rb2 28. Bc6 Bc4 29. Rfe1 Rd8 30. Nxe6 Rxd1 31. Rxd1 fxe6 32. h3 Be3 33. g3 Bf2 34. Kg2 Be1+ 35. Kg1 Bxg3 0-1

[Event "BUL-chT2 58th"]
[Site "Borovetz"]
[Date "2008.10.01"]
[Round "1.6"]
[White "Raev, Rostislav"]
[Black "Zheljazkov, Vergil"]
[Result "1-0"]
[WhiteElo "2292"]
[BlackElo "2027"]
[PlyCount "55"]
[EventDate "2008.10.01"]
[EventType "team-swiss"]
[EventRounds "7"]
[EventCountry "BUL"]
[SourceTitle "CBM 126 Extra"]
[Source "ChessBase"]
[SourceDate "2008.11.05"]
[SourceVersion "1"]
[SourceVersionDate "2008.11.05"]
[SourceQuality "1"]

1. c4 e5 2. Nc3 Nc6 3. g3 f5 4. Bg2 Nf6 5. e3 d5 6. Nxd5 Nxd5 7. cxd5 Nb4 8. d3 Nxd5 9. Nf3 Bd6 10. 0-0 Qe7 11. e4 fxe4 12. dxe4 Nf6 13. Nh4 g6 14. Bg5 Be6 15. f4 0-0-0 16. Qa4 Bc5+ 17. Kh1 Rd4 18. Qc2 Rc4 19. Qe2 Qg7 20. fxe5 Nd7 21. Bf6 Nxf6 22. exf6 Qd7 23. Nf3 Qe8 24. Ng5 Rd4 25. f7 Qe7 26. f8Q+ Rxf8 27. Rxf8+ Qxf8 28. Nxe6 1-0

[Event "Sofia Grigorov Memorial 6th"]
[Site "Sofia"]
[Date "2008.01.11"]
[Round "7"]
[White "Raev, Rostislav"]
[Black "Nikolov, Momchil"]
[Result "0-1"]
[WhiteElo "2313"]
[BlackElo "2500"]
[PlyCount "79"]
[EventDate "2008.01.06"]
[EventType "swiss"]
[EventRounds "7"]
[EventCountry "BUL"]
[SourceTitle "CBM 122 Extra"]
[Source "ChessBase"]
[SourceDate "2008.03.04"]
[SourceVersion "1"]
[SourceVersionDate "2008.03.04"]
[SourceQuality "1"]

1. c4 Nf6 2. Nc3 e6 3. g3 d5 4. d4 c6 5. Bg2 dxc4 6. a4 Bb4 7. Nf3 c5 8. 0-0 Nc6 9. dxc5 Bxc5 10. Qxd8+ Kxd8 11. a5 Ke7 12. Ra4 Bd7 13. Rxc4 Bd6 14. Nb5 Nxa5 15. Nxd6 Kxd6 16. Rc3 Rhc8 17. Nd4 Rxc3 18. bxc3 Rc8 19. Ba3+ Kc7 20. Ra1 Nc4 21. Bc1 a6 22. Rb1 b5 23. Ra1 e5 24. Nb3 Kb6 25. Na5 e4 26. Nxc4+ Rxc4 27. Be3+ Kb7 28. Bd4 Bc6 29. e3 Bd5 30. Rd1 Kc6 31. Ra1 Ra4 32. Rxa4 bxa4 33. Bf1 a5 34. c4 Be6 35. Be2 Nd7 36. Kf1 f6 37. Ke1 Ne5 38. Kd2 Bxc4 39. Bxe5 Bxe2 40. Bb2 0-1

[Event "BUL-ch U26"]
[Site "Sofia"]
[Date "2007.11.08"]
[Round "2.2"]
[White "Videnova, Iva"]
[Black "Raev, Rostislav"]
[Result "0-1"]
[WhiteElo "2172"]
[BlackElo "2313"]
[PlyCount "62"]
[EventDate "2007.11.07"]
[EventType "swiss"]
[EventRounds "7"]
[EventCountry "BUL"]
[SourceTitle "CBM 121 Extra"]
[Source "ChessBase"]
[SourceDate "2008.01.10"]
[SourceVersion "1"]
[SourceVersionDate "2008.01.10"]
[SourceQuality "1"]

1. e4 e5 2. Bc4 Nc6 3. Nf3 Bc5 4. c3 Nf6 5. d3 d6 6. Bb3 0-0 7. Nbd2 Bb6 8. Nc4 h6 9. Nxb6 axb6 10. a3 Bg4 11. h3 Be6 12. Bc2 d5 13. 0-0 dxe4 14. dxe4 Qe7 15. Nh2 Na5 16. f4 Rad8 17. Qf3 Bb3 18. fxe5 Qxe5 19. Bf4 Qe7 20. Bxb3 Nxb3 21. e5 Nd5 22. Rad1 Nxf4 23. Qxf4 Nc5 24. Qg3 Ne4 25. Qf4 Qc5+ 26. Rd4 Rxd4 27. cxd4 Qxd4+ 28. Kh1 g5 29. Qf3 Nd2 30. Qf2 Nxf1 31. Qxf1 Rd8 0-1